Les femmes de footballeur WAGS - Statistiques

Statistiques générales
  • Ce quiz a été pris 83 fois
  • Le résultat moyen est 5 sur 12
Statistiques - réponses
Joueur Réponse % Correct
Gerard Pique Shakira
92%
David Beckham Victoria
76%
Cristiano Ronaldo (2è) Georgina Rodriguez
75%
Mauro Icardi Wanda Nara
66%
Anthony Martial Mélanie Da-Cruz
62%
Marquinhos Carol Cabrino
42%
Cristiano Ronaldo (1ere) Irina Shayk
39%
Antoine Griezmann Erika Choperena
27%
Bacary Sagna Ludivine
27%
Gregory Van der Wiel Rose Bertram
23%
Blaise Matuidi Matuidi femme
10%
Kevin Trapp Izabel Goulart
0%
Aucun quiz correspondant
Distribution des résultats
% des personnes avec chaque résultat
Percentile par nombre de réponses
Votre historique - résultats
Vous n’avez pas pris ce quiz